00218nam a2200097Ia 45000010005000000080041000050820019000461000013000652450022000782600020001004620241024s9999 xx 000 0 und d a664/N468a/2016 aNestlé 0aAnual review 2016 bMyclimatec2016